The 1980s Music Videos Quiz - Statistics

General Stats
  • This quiz has been taken 219 times
  • The average score is 20 of 50
Answer Stats
Picture Hint Answer % Correct
1983 Thriller
97%
1983 Billie Jean
84%
1987 Never Gonna Give You Up
82%
1987 Bad
80%
1983 Beat It
78%
1981 Physical
73%
1985 We Are The World
70%
1986 Walk Like an Egyptian
69%
1988 Smooth Criminal
67%
1984 Careless Whisper
66%
1984 Ghostbusters
66%
1985 Material Girl
66%
1981 In the Air Tonight
57%
1982 Come on Eileen
50%
1987 La Isla Bonita
49%
1988 Sweet Child O' Mine
49%
1983 Uptown Girl
49%
1980 Another One Bites The Dust
48%
1982 Ebony and Ivory
48%
1989 We Didn’t Start the Fire
47%
1981 Chariots Of Fire
45%
1980 Back in Black
44%
1982 Eye Of The Tiger
44%
1984 Hello
41%
1986 Dancing on the Ceiling
38%
1986 Walk This Way
38%
1984 Do They Know It's Christmas?
35%
1989 If I Could Turn Back Time
35%
1982 Africa
32%
1986 West End Girls
32%
1984 When Doves Cry
32%
1986 You Give Love A Bad Name
31%
1989 Love Shack
29%
1981 Once in a Lifetime
28%
1980 The Winner Takes It All
28%
1989 Rhythm Nation
27%
1988 Straight Up
25%
1982 Hungry like the Wolf
22%
1988 Don't Worry, Be Happy
21%
1989 Cult Of Personality
16%
1985 Rhythm of the Night
15%
1987 Wanted Dead or Alive
15%
1985 How Will I Know
14%
1987 Heaven Is A Place On Earth
10%
1983 Gold
6%
1980 Keep on Loving You
6%
1985 A View to a Kill
5%
1988 New Sensation
5%
1980 Ace Of Spades
3%
1981 Sat In Your Lap
3%
No matching quizzes found
Score Distribution
Percent of People with Each Score
Percentile by Number Answered
Your Score History
You have not taken this quiz